Physical properties of fats, oils, and emulsifiers /

Gespeichert in:
Bibliographische Detailangaben
Weitere Verfasser: Widlak, Neil
Format: Buch
Sprache:Englisch
Veröffentlicht: Champaign, Ill. AOCS Press c1999.
Schlagworte:
Online-Zugang:Im OPAC anzeigen
Tags: Tag hinzufügen
Keine Tags, Fügen Sie das erste Tag hinzu!

MARC

LEADER 00000cam a22000004a 4500
005 20260127134008.0
008 000211s1999 ilua b 001 0 eng
010 |a 00-021575 
020 |a 0935315950 (acidfree) 
035 |a vtls008640972 
039 9 |y 200603311125  |z mschk03 
040 |a STUSCHK1  |b slo  |c STUSCHK1 
042 |a pcc 
082 0 0 |a 664/.06  |2 21 
245 0 0 |a Physical properties of fats, oils, and emulsifiers /  |c editor, Neil Widlak. 
260 |a Champaign, Ill.  |b AOCS Press  |c c1999. 
300 |a viii, 260 p.  |b ill.  |c 24 cm. 
504 |a Includes bibliographical references and index. 
650 0 |a Oils and fats, Edible. 
650 0 |a Food additives. 
650 0 |a Dispersing agents. 
700 1 |a Widlak, Neil. 
906 |a 7  |b cbc  |c orignew  |d 1  |e ocip  |f 20  |g y-gencatlg 
910 |a SCHK95 
919 |a 0-935315-95-0 
925 0 |a acquire  |b 2 shelf copies  |x policy default 
999 |c 1713  |d 1713